Primer grado

Gespeichert in:
Bibliographische Detailangaben
1. Verfasser: Ascarza, V.F. Autor
Weitere Verfasser: Solana, E. Autor
Format: keine Angabe
Sprache:Spanisch
Erschienen: Madrid Magisterio Español 1934
Ausgabe:11º
Katalog:MANES:  Suchergebnis im Bibliothekskatalog
Schulbuchspezifische Eigenschaften:
Tags: Tag hinzufügen
Keine Tags, Fügen Sie den ersten Tag hinzu!
Hinzugefügt zu:26.04.2016

MARC

LEADER 000000000a22000000004500
001 18725
003 OSt
008 160427s sp ||||| |||| 00| 0 spa d
041 1 |a spa 
040 |c centro_manes 
691 7 |a PRI 
100 1 |a Ascarza, V.F.  |b Autor  |9 11646 
690 0 |a EyL 
700 1 |a Solana, E.  |b Autor  |9 11661 
245 0 0 |a Primer grado 
250 |a 11º 
260 3 |a Madrid  |b Magisterio Español  |c 1934 
300 |a s.d.  |c 18,5 * 12 cm 
500 |a ILUSTRACIONES: Contiene muy pocas y en blanco y negro. ENCUADERNACIÓN: Cartoné. DESCRIPCIÓN CONTENIDO: Gramática, aritmética, geometría, agrimensura, geografía, historia de España, derecho, física, química, higiene,zoología... PALABRAS CLAVE: Curso completo de primera esneñanza. NéMERO EJEMPLARES: 1. Nº TOPOGRÁFICO: 3222. CONSERVACIÓN: Mala. 
942 |2 ddc  |c BK 
546 |a España 
999 |c 24694  |d 24694 
999 |c manes:24694  |d 24694